[Event "La Fere op 11th"]
[Site "La Fere"]
[Date "2012.07.13"]
[Round "8"]
[White "Barbaut, Michel"]
[Black "Dumas, Victor"]
[Result "1-0"]
[WhiteElo "2032"]
[BlackElo "2064"]
[PlyCount "33"]
[EventDate "2012.07.07"]
[EventType "swiss"]
[EventRounds "9"]
[EventCountry "FRA"]
[SourceTitle "CBM 149 Extra"]
[Source "ChessBase"]
[SourceDate "2012.08.24"]
[SourceVersion "1"]
[SourceVersionDate "2012.08.24"]
[SourceQuality "1"]

1. e4 e5 2. Bc4 Nf6 3. d4 exd4 4. Nf3 Nc6 5. 0-0 Nxe4 6. Re1 d5 7. Bxd5 Qxd5 8. Nc3 Qh5 9. Nxe4 Be6 10. Bg5 Bb4 11. c3 dxc3 12. bxc3 Ba5 13. Nd6+ cxd6 14. Qxd6 Bd8 15. Rab1 Bxg5 16. Rxb7 Nd8 17. Rxe6+ 1-0

[Event "Fourmies op 35th"]
[Site "Fourmies"]
[Date "2011.06.12"]
[Round "4"]
[White "Barbaut, Michel"]
[Black "Cappon, John"]
[Result "1/2-1/2"]
[WhiteElo "2029"]
[BlackElo "2251"]
[PlyCount "86"]
[EventDate "2011.06.11"]
[EventType "swiss"]
[EventRounds "7"]
[EventCountry "FRA"]
[SourceTitle "CBM 142 Extra"]
[Source "ChessBase"]
[SourceDate "2011.06.27"]
[SourceVersion "1"]
[SourceVersionDate "2011.06.27"]
[SourceQuality "1"]

1. e4 e6 2. d4 d5 3. Nc3 Nf6 4. Bg5 dxe4 5. Nxe4 Be7 6. Bxf6 Bxf6 7. Nf3 Nd7 8. c3 Be7 9. Bc4 0-0 10. 0-0 Nf6 11. Qe2 b6 12. Ne5 Bb7 13. Bd3 Nxe4 14. Bxe4 Bxe4 15. Qxe4 Qd5 16. Qxd5 exd5 17. Rfe1 Bd6 18. Re2 Rfe8 19. Rae1 f6 20. Nd3 Rxe2 21. Rxe2 Kf7 22. g3 Rc8 23. Ne1 g6 24. Nc2 c6 25. Kg2 Rc7 26. Kf3 h5 27. h3 Rc8 28. b3 a5 29. Ne3 b5 30. Rc2 Bf8 31. Nd1 Ba3 32. Ne3 Rb8 33. Re2 Bf8 34. Rc2 Re8 35. Re2 Re4 36. Nf1 Rxe2 37. Kxe2 Ke6 38. Kd3 Bh6 39. Nh2 Bf8 40. Nf1 Bd6 41. Ne3 f5 42. Ng2 g5 43. f4 Kf6 1/2-1/2

[Event "Fourmies op 35th"]
[Site "Fourmies"]
[Date "2011.06.11"]
[Round "2"]
[White "Barbaut, Michel"]
[Black "Haub, Thorsten Michael"]
[Result "1/2-1/2"]
[WhiteElo "2029"]
[BlackElo "2459"]
[PlyCount "117"]
[EventDate "2011.06.11"]
[EventType "swiss"]
[EventRounds "7"]
[EventCountry "FRA"]
[SourceTitle "CBM 142 Extra"]
[Source "ChessBase"]
[SourceDate "2011.06.27"]
[SourceVersion "1"]
[SourceVersionDate "2011.06.27"]
[SourceQuality "1"]

1. e4 g6 2. d4 Bg7 3. Nc3 d6 4. Bg5 a6 5. Nf3 h6 6. Bh4 Nc6 7. h3 Nf6 8. e5 Nh7 9. e6 fxe6 10. Qd3 Nf8 11. 0-0-0 Qd7 12. Bg3 g5 13. Be2 b6 14. Qe4 Bb7 15. Ne5 Nxe5 16. Bh5+ Kd8 17. Qxb7 Qc6 18. Bf3 d5 19. Qxc6 Nxc6 20. Rhe1 Kd7 21. Ne2 h5 22. c4 Rd8 23. cxd5 exd5 24. Bxd5 e6 25. Bf3 Ne7 26. Be5 Rh7 27. Bxg7 Rxg7 28. Bxh5 Nh7 29. Bf3 Nf6 30. Nc3 c6 31. Ne4 Nfd5 32. Bg4 Rg6 33. Bh5 Rh6 34. Bg4 Rg8 35. g3 Nf5 36. Nc3 Nde7 37. Re4 Rf8 38. Re2 Kc7 39. Ne4 Rg6 40. Bh5 Rg7 41. Nc3 Rf6 42. a3 Rh6 43. Bg4 Rg8 44. Na2 Rd8 45. Red2 Nd5 46. Nc3 Nf6 47. Bxf5 exf5 48. d5 Rxh3 49. dxc6 Rxd2 50. Rxd2 Kxc6 51. Re2 Kd6 52. Na4 Nd5 53. Rd2 Rh1+ 54. Kc2 Kc6 55. Nc3 Nc7 56. Re2 Rf1 57. Kd2 Kd6 58. Nd1 Ne6 59. Ne3 1/2-1/2

[Event "Fourmies op 34th"]
[Site "Fourmies"]
[Date "2010.05.23"]
[Round "5"]
[White "Barbaut, Michel"]
[Black "Rott, Georg"]
[Result "0-1"]
[WhiteElo "2059"]
[BlackElo "2208"]
[PlyCount "28"]
[EventDate "2010.05.22"]
[EventType "swiss"]
[EventRounds "7"]
[EventCountry "FRA"]
[SourceTitle "CBM 136 Extra"]
[Source "ChessBase"]
[SourceDate "2010.07.02"]
[SourceVersion "2"]
[SourceVersionDate "2010.07.15"]
[SourceQuality "1"]

1. d4 d5 2. Nf3 Nf6 3. e3 c6 4. c4 e6 5. Nc3 Nbd7 6. Bd3 dxc4 7. Bxc4 b5 8. Bd3 a6 9. 0-0 c5 10. e4 cxd4 11. e5 dxc3 12. exf6 Nc5 13. Bc2 Qxd1 14. Rxd1 Bb7 0-1

[Event "Cappelle op 24th"]
[Site "Cappelle la Grande"]
[Date "2008.02.16"]
[Round "1"]
[White "Barbaut, Michel"]
[Black "Karlovich, Anastazia"]
[Result "0-1"]
[WhiteElo "1995"]
[BlackElo "2198"]
[PlyCount "28"]
[EventDate "2008.02.16"]
[EventType "swiss"]
[EventRounds "9"]
[EventCountry "FRA"]
[SourceTitle "CBM 122 Extra"]
[Source "ChessBase"]
[SourceDate "2008.03.04"]
[SourceVersion "1"]
[SourceVersionDate "2008.03.04"]
[SourceQuality "1"]

1. e4 e5 2. Bc4 Bc5 3. Nf3 Nc6 4. 0-0 Nf6 5. d4 exd4 6. e5 d5 7. exf6 dxc4 8. fxg7 Rg8 9. Bg5 f6 10. Re1+ Kf7 11. Nh4 fxg5 12. Nd2 Kxg7 13. Ne4 gxh4 14. Nxc5 Qd5 0-1